LIBRARY ONLINE CATALOGUE

Your guide to the proposed constiturion : (Record no. 13844)

MARC details
000 -LEADER
fixed length control field 00669nam a22001932 4500
001 - CONTROL NUMBER
control field 0000021597
005 - DATE AND TIME OF LATEST TRANSACTION
control field 20151217155910.0
008 - FIXED-LENGTH DATA ELEMENTS--GENERAL INFORMATION
fixed length control field 120807s xx 000 0 eng d
040 ## - CATALOGING SOURCE
Original cataloging agency KABU
Transcribing agency KABU
110 2# - MAIN ENTRY--CORPORATE NAME
Corporate name or jurisdiction name as entry element Kenya.
Subordinate unit Committee of Experts on Constitutional Review.
-- 0000177752
245 10 - TITLE STATEMENT
Title Your guide to the proposed constiturion :
Remainder of title simplified version /
Statement of responsibility, etc. Committee of Experts on ...
250 ## - EDITION STATEMENT
Edition statement 1st ed.
260 ## - PUBLICATION, DISTRIBUTION, ETC. (IMPRINT)
Place of publication, distribution, etc. Nairobi :
Name of publisher, distributor, etc. Committee of Experts on ...,
Date of publication, distribution, etc. 2010.
300 ## - PHYSICAL DESCRIPTION
Extent ii, 26 p.
650 #0 - SUBJECT ADDED ENTRY--TOPICAL TERM
Topical term or geographic name as entry element Constitutional reform
Geographic subdivision Kenya.
-- 0000159761
852 1# - LOCATION
-- p100 KES
908 ## - PUT COMMAND PARAMETER (RLIN)
Put command parameter 120807
950 ## - LOCAL HOLDINGS (RLIN)
-- 1
Holdings
Withdrawn status Lost status Source of classification or shelving scheme Not for loan Home library Current library Date acquired Total Checkouts Full call number Barcode Date last seen Price effective from Koha item type
    Library of Congress Classification   Kabarak, Main Campus Kabarak, Main Campus 17/12/2015   KSK1734 .C66 2010 c. 1 21957 17/12/2015 17/12/2015 Africana Collection